Historias reales sexo, amor y valentía (Registro nro. 12089)

Detalles MARC
000 - LÍDER
campo de control de longitud fija 00686nam a22002177a 4500
003 - IDENTIFICADOR DE NÚMERO DE CONTROL
campo de control OSt
005 - FECHA Y HORA DE LA ÚLTIMA TRANSACCIÓN
campo de control 20210818181722.0
008 - ELEMENTOS DE DATOS DE LONGITUD FIJA - INFORMACIÓN GENERAL
campo de control de longitud fija 170828s2002 ck gr 001 j spa d
040 ## - FUENTE DE CATALOGACIÓN
Lenguaje de catalogación spa
041 ## - CÓDIGO DE LENGUAJE
Código de idioma de texto / pista de sonido o título separado spa
Código de idioma del original spa
082 04 - NÚMERO DE CLASIFICACIÓN DECIMAL DEWEY
Número de clasificación 177.7
Número de artículo A696h
100 1# - ENTRADA PRINCIPAL - NOMBRE PERSONAL
Nombre de la persona Arias Hoyos, Luz Mary
9 (RLIN) 50485
245 10 - TÍTULO DECLARACIÓN
Título Historias reales sexo, amor y valentía
Resto del título Incluye talleres: pedagógicos y terapéuticos
Declaración de responsabilidad Luz Mary Arias Hoyos
260 ## - PUBLICACIÓN, DISTRIBUCIÓN
Lugar de publicación Medellín
Nombre del editor Gráficas Omar`s
Fecha de publicación 2002
300 ## - DESCRIPCIÓN FÍSICA
Alcance 219 páginas
650 #0 - ENTRADA DE SUJETO AÑADIDO - TÉRMINO TÓPICO
Término tópico o elemento de entrada del nombre geográfico Aborto
9 (RLIN) 9838
650 #0 - ENTRADA DE SUJETO AÑADIDO - TÉRMINO TÓPICO
Término tópico o elemento de entrada del nombre geográfico Amor en la Adolescencia
9 (RLIN) 17070
650 #0 - ENTRADA DE SUJETO AÑADIDO - TÉRMINO TÓPICO
Término tópico o elemento de entrada del nombre geográfico Amor
9 (RLIN) 17034
650 #0 - ENTRADA DE SUJETO AÑADIDO - TÉRMINO TÓPICO
Término tópico o elemento de entrada del nombre geográfico Abusos
9 (RLIN) 50486
942 ## - ELEMENTOS DE ENTRADA AGREGADOS (KOHA)
Fuente de clasificación o esquema de estanterías Dewey Decimal Classification
Parte de clasificación 177.7 A696h
Prefijo del número de llamada 177.7
Sufijo del número de llamada A696h
Existencias
Estado de retirada Pérdida de estatus Fuente de clasificación o esquema de estanterías Estado dañado No para préstamo Código de recogida Ubicación permanente Ubicación actual Ubicación de las estanterías Fecha de adquisición Total de Cajas Número Topográfico Código de barras Precio efectivo desde Número de copia Fecha de la última vez que se vio Tipo de artículo Koha
    Dewey Decimal Classification     General Biblioteca Pública Departamental Comfamiliar Risaralda Biblioteca Pública Departamental Comfamiliar Risaralda Área General 28/08/2017   177.7 A696h 665 28/08/2017 Ej. 1 28/08/2017 Libro
    Dewey Decimal Classification     General Biblioteca Pública Departamental Comfamiliar Risaralda Biblioteca Pública Departamental Comfamiliar Risaralda Área General 28/08/2017   177.7 A696h 666 28/08/2017 Ej. 2 28/08/2017 Libro